Eastern Utah Libraries Catalog: Duchesne, Heber, Roosevelt, & Vernal

Hallmark Entertainment collector's set (Record no. 279682)

MARC details
000 -LEADER
fixed length control field 05604cgm a2201021Ia 4500
001 - CONTROL NUMBER
control field ocn476761597
003 - CONTROL NUMBER IDENTIFIER
control field OCoLC
005 - DATE AND TIME OF LATEST TRANSACTION
control field 20200320190721.0
007 - PHYSICAL DESCRIPTION FIXED FIELD--GENERAL INFORMATION
fixed length control field vd cvaizu
008 - FIXED-LENGTH DATA ELEMENTS--GENERAL INFORMATION
fixed length control field 091210p20092004xxu345 vleng d
020 ## - INTERNATIONAL STANDARD BOOK NUMBER
Terms of availability 5.99
024 1# - OTHER STANDARD IDENTIFIER
Standard number or code 096009665890
024 1# - OTHER STANDARD IDENTIFIER
Standard number or code 096009676193
028 41 - PUBLISHER NUMBER
Publisher number 67619
Source Echo Bridge Home Entertainment
028 41 - PUBLISHER NUMBER
Publisher number 66589
Source Echo Bridge Home Entertainment
035 ## - SYSTEM CONTROL NUMBER
System control number (OCoLC)476761597
040 ## - CATALOGING SOURCE
Original cataloging agency ZHI
Language of cataloging eng
Transcribing agency ZHI
Modifying agency IHI
-- OCLCA
-- OCLCQ
-- WACOL
049 ## - LOCAL HOLDINGS (OCLC)
Holding library WACL
092 ## - LOCALLY ASSIGNED DEWEY CALL NUMBER (OCLC)
Classification number DVD
Item number Hal
245 00 - TITLE STATEMENT
Title Hallmark Entertainment collector's set
Medium [videorecording] /
Statement of responsibility, etc [presented by] Hallmark Entertainment ; [produced by] Mat IV ... in association with Alpine Medien and Larry Levinson Productions.
246 1# - VARYING FORM OF TITLE
Display text Title on container back:
Title proper/short title Hallmark four pack
250 ## - EDITION STATEMENT
Edition statement Widescreen.
260 ## - PUBLICATION, DISTRIBUTION, ETC. (IMPRINT)
Place of publication, distribution, etc [United States] :
Name of publisher, distributor, etc Echo Bridge Home Entertainment,
Date of publication, distribution, etc c2009.
300 ## - PHYSICAL DESCRIPTION
Extent 1 videodisc (345 min.) :
Other physical details sd., col. ;
Dimensions 4 3/4 in.
538 ## - SYSTEM DETAILS NOTE
System details note DVD.
500 ## - GENERAL NOTE
General note Title from container.
511 1# - PARTICIPANT OR PERFORMER NOTE
Participant or performer note Thicker than water: Melissa Gilbert, Brian Wimmer, Lindsay Wagner.
511 1# - PARTICIPANT OR PERFORMER NOTE
Participant or performer note Angel in the family: Meredith Baxter, Ronny Cox, Natasha Gregson Wagner, Tracey Needham, Tess Harper.
511 1# - PARTICIPANT OR PERFORMER NOTE
Participant or performer note Ordinary miracles: Jaclyn Smith, Lyndsy Fonseca, C. Thomas Howell, Corbin Bernsen.
511 1# - PARTICIPANT OR PERFORMER NOTE
Participant or performer note Fielder's choice: Chad Lowe, Ellen Greene, K'Sun Ray, Marin Hinkle, George Segal.
508 ## - CREATION/PRODUCTION CREDITS NOTE
Creation/production credits note Thicker than water: Director, David S. Cass, Sr. ; writer, J.P. Martin ; producers, Albert T. Dickerson III, Jeff Kloss ; director of photography, James Wrenn ; editor, Jennifer Jean Cacavas ; music, Kevin Kliesch.
508 ## - CREATION/PRODUCTION CREDITS NOTE
Creation/production credits note Angel in the family: Director, Georg Stanford Brown ; writer, Duane Poole ; producers, Stephen W. Bridgewater, Albert T. Dickerson III ; director of photography, James Wrenn ; editor, Thomas A. Krueger ; music, Kevin Kiner.
508 ## - CREATION/PRODUCTION CREDITS NOTE
Creation/production credits note Ordinary miracles: Director, Michael Switzer ; writer, Bud Schaetzle ; producers, Kyle Clark, Jim Wilberger ; director of photography, Amit Bhattacharya ; editor, Cari Coughlin ; music, James. M. Dooley.
508 ## - CREATION/PRODUCTION CREDITS NOTE
Creation/production credits note Fielder's choice: Director, Kevin Connor ; writers, Scott Huebscher, Dan Roberts ; producers, Steven Bridgewater, Albert T. Dickerson III ; director of photography, James Wrenn ; editor, Jennifer Jean Cacavas ; music, Andrew Rose.
500 ## - GENERAL NOTE
General note All films originally produced for television 2004-2005.
521 8# - TARGET AUDIENCE NOTE
Target audience note Not rated.
520 ## - SUMMARY, ETC.
Summary, etc Thicker than water: A faded photograph leads powerful attorney Natalie Jones to the bittersweet secrets of her father's past--where horses run free, families are bound by honor, and true love really exists.
520 ## - SUMMARY, ETC.
Summary, etc Angel in the family: Sisters, separated by a lifetime of misunderstanding, find themselves brought back together for one amazing Christmas where a miracle will make you believe the impossible.
520 ## - SUMMARY, ETC.
Summary, etc Ordinary miracles: A troubled teen who has bounced from one foster home to another goes to live with a judge who's struggling with the disarray of her own life; together they rediscover the joy and miracle of being alive.
520 ## - SUMMARY, ETC.
Summary, etc Fielder's choice: The uncomplicated life of a promising ad exec is disrupted when he's given custody of his autistic nephew. But as one learns from the other, two hearts open up, and a future of unexpected possibilities await.
505 0# - FORMATTED CONTENTS NOTE
Formatted contents note Thicker than water (2005, 87 min.) -- Angel in the family (2004, 88 min.) -- Ordinary miracles (2005, 85 min.) -- Fielder's choice (2005, 85 min.).
650 #0 - SUBJECT ADDED ENTRY--TOPICAL TERM
Topical term or geographic name as entry element Families
Form subdivision Drama.
9 (RLIN) 5675607
650 #0 - SUBJECT ADDED ENTRY--TOPICAL TERM
Topical term or geographic name as entry element Fathers and daughters
Form subdivision Drama.
9 (RLIN) 5690624
650 #0 - SUBJECT ADDED ENTRY--TOPICAL TERM
Topical term or geographic name as entry element Women lawyers
Form subdivision Drama.
9 (RLIN) 5756076
650 #0 - SUBJECT ADDED ENTRY--TOPICAL TERM
Topical term or geographic name as entry element Sisters
Form subdivision Drama.
9 (RLIN) 5712045
650 #0 - SUBJECT ADDED ENTRY--TOPICAL TERM
Topical term or geographic name as entry element Foster children
Form subdivision Drama.
9 (RLIN) 5723129
650 #0 - SUBJECT ADDED ENTRY--TOPICAL TERM
Topical term or geographic name as entry element Women judges
Form subdivision Drama.
9 (RLIN) 5715105
650 #0 - SUBJECT ADDED ENTRY--TOPICAL TERM
Topical term or geographic name as entry element Autistic children
Form subdivision Drama.
9 (RLIN) 5704997
650 #0 - SUBJECT ADDED ENTRY--TOPICAL TERM
Topical term or geographic name as entry element Advertising executives
Form subdivision Drama.
9 (RLIN) 5876218
655 #0 - INDEX TERM--GENRE/FORM
Genre/form data or focus term DVD-Video discs.
9 (RLIN) 5673658
655 #7 - INDEX TERM--GENRE/FORM
Genre/form data or focus term Made-for-TV movies.
Source of term lcgft
9 (RLIN) 5876219
655 #7 - INDEX TERM--GENRE/FORM
Genre/form data or focus term Fiction films.
Source of term lcgft
9 (RLIN) 5674705
655 #7 - INDEX TERM--GENRE/FORM
Genre/form data or focus term Christmas films.
Source of term lcgft
9 (RLIN) 5675361
700 1# - ADDED ENTRY--PERSONAL NAME
Personal name Brown, Georg Stanford.
9 (RLIN) 66284
700 1# - ADDED ENTRY--PERSONAL NAME
Personal name Connor, Kevin,
Dates associated with a name 1937-
9 (RLIN) 64877
700 1# - ADDED ENTRY--PERSONAL NAME
Personal name Cass, David S.
9 (RLIN) 5837060
700 1# - ADDED ENTRY--PERSONAL NAME
Personal name Switzer, Michael.
9 (RLIN) 65171
700 1# - ADDED ENTRY--PERSONAL NAME
Personal name Gilbert, Melissa,
Dates associated with a name 1964-
9 (RLIN) 61964
700 1# - ADDED ENTRY--PERSONAL NAME
Personal name Wimmer, Brian,
Dates associated with a name 1960-
9 (RLIN) 59169
700 1# - ADDED ENTRY--PERSONAL NAME
Personal name Wagner, Lindsay.
9 (RLIN) 26919
700 1# - ADDED ENTRY--PERSONAL NAME
Personal name Smith, Jaclyn.
9 (RLIN) 22448
700 1# - ADDED ENTRY--PERSONAL NAME
Personal name Fonseca, Lyndsy.
9 (RLIN) 5876220
700 1# - ADDED ENTRY--PERSONAL NAME
Personal name Howell, C. Thomas,
Dates associated with a name 1966-
9 (RLIN) 40591
700 1# - ADDED ENTRY--PERSONAL NAME
Personal name Bernsen, Corbin,
Dates associated with a name 1954-
9 (RLIN) 63254
700 1# - ADDED ENTRY--PERSONAL NAME
Personal name Baxter, Meredith,
Dates associated with a name 1947-
9 (RLIN) 45170
700 1# - ADDED ENTRY--PERSONAL NAME
Personal name Cox, Ronny.
9 (RLIN) 32102
700 1# - ADDED ENTRY--PERSONAL NAME
Personal name Wagner, Natasha Gregson,
Dates associated with a name 1970-
9 (RLIN) 5876221
700 1# - ADDED ENTRY--PERSONAL NAME
Personal name Needham, Tracey.
9 (RLIN) 63268
700 1# - ADDED ENTRY--PERSONAL NAME
Personal name Harper, Tess.
9 (RLIN) 62683
700 1# - ADDED ENTRY--PERSONAL NAME
Personal name Lowe, Chad,
Dates associated with a name 1968-
9 (RLIN) 59613
700 1# - ADDED ENTRY--PERSONAL NAME
Personal name Greene, Ellen.
9 (RLIN) 60477
700 1# - ADDED ENTRY--PERSONAL NAME
Personal name Ray, K'Sun.
9 (RLIN) 5876222
700 1# - ADDED ENTRY--PERSONAL NAME
Personal name Hinkle, Marin.
9 (RLIN) 5805301
700 1# - ADDED ENTRY--PERSONAL NAME
Personal name Segal, George.
9 (RLIN) 27721
710 2# - ADDED ENTRY--CORPORATE NAME
Corporate name or jurisdiction name as entry element Hallmark Entertainment (Firm)
9 (RLIN) 64960
710 2# - ADDED ENTRY--CORPORATE NAME
Corporate name or jurisdiction name as entry element MAT IV (Firm)
9 (RLIN) 5876223
710 2# - ADDED ENTRY--CORPORATE NAME
Corporate name or jurisdiction name as entry element Alpine Medien Productions.
9 (RLIN) 74984
710 2# - ADDED ENTRY--CORPORATE NAME
Corporate name or jurisdiction name as entry element Larry Levinson Productions.
9 (RLIN) 5767997
710 2# - ADDED ENTRY--CORPORATE NAME
Corporate name or jurisdiction name as entry element Echo Bridge Home Entertainment.
9 (RLIN) 5718653
740 02 - ADDED ENTRY--UNCONTROLLED RELATED/ANALYTICAL TITLE
Uncontrolled related/analytical title Thicker than water.
740 02 - ADDED ENTRY--UNCONTROLLED RELATED/ANALYTICAL TITLE
Uncontrolled related/analytical title Ordinary miracles.
740 02 - ADDED ENTRY--UNCONTROLLED RELATED/ANALYTICAL TITLE
Uncontrolled related/analytical title Angel in the family.
740 02 - ADDED ENTRY--UNCONTROLLED RELATED/ANALYTICAL TITLE
Uncontrolled related/analytical title Fielder's choice.
942 ## - ADDED ENTRY ELEMENTS (KOHA)
Koha item type DVD
948 ## - LOCAL PROCESSING INFORMATION (OCLC); SERIES PART DESIGNATOR (RLIN)
Series part designator, SPT (RLIN) 01/12/2013
z (OCLC) Sirsi
994 ## -
-- 02
-- WACOL
996 ## -
-- 95158
-- 34301001131780
-- DVD
-- DVD
-- wcl
-- i
-- 40
-- 5.99
-- christianbooks
-- Hal
-- 01/14/2013
-- 03/11/2020
-- 01/31/2020
Holdings
Withdrawn status Lost status Source of classification or shelving scheme Damaged status Not for loan Collection code Home library Current library Shelving location Date acquired Cost, normal purchase price Total Checkouts Total Renewals Full call number Barcode Date last seen Date checked out Cost, replacement price Price effective from Koha item type
    Dewey Decimal Classification     Movies Wasatch County Library Wasatch County Library Audio Visual Area 01/14/2013 5.99 46 5 DVD Hal 34301001131780 02/27/2026 02/12/2026 5.99 03/20/2020 DVD
This project was made possible through a grant from the Institute of Museum and Library Service administered by the Utah State Library Division.

Wasatch County Library

  • 465 East 1200 South, Heber City, Utah 84032
  • Phone 435-654-1511 | Fax 435-654-6456

Hours

  • Monday - Friday 9:30 AM - 8:00 PM
  • Saturday 9:30 AM - 1:30 PM
  • Closed Sundays and Holidays